[Event "Plzen op"]
[Site "Plzen"]
[Date "2021.08.26"]
[Round "6"]
[White "Pevny, Frantisek"]
[Black "Zoufaly, Petr"]
[Result "0-1"]
[WhiteElo "1703"]
[BlackElo "1669"]
[PlyCount "78"]
[EventDate "2021.08.23"]
[EventType "swiss"]
[EventRounds "9"]
[EventCountry "CZE"]
[SourceTitle "CBM 204 Extra"]
[Source "ChessBase"]
[SourceDate "2021.11.30"]
[SourceVersion "1"]
[SourceVersionDate "2021.11.30"]
[SourceQuality "1"]

1. d4 d5 2. c4 c6 3. g3 Nf6 4. Bg2 e6 5. Nf3 Be7 6. 0-0 0-0 7. Nc3 Nbd7 8. cxd5 exd5 9. Re1 Nb6 10. Qc2 Be6 11. Ne5 g6 12. Bh6 Re8 13. a3 Ng4 14. Nxg4 Bxg4 15. f3 Bf5 16. e4 dxe4 17. fxe4 Bg4 18. Be3 Rc8 19. h3 Be6 20. Rad1 Bg5 21. Bf2 Qc7 22. Qb1 Bb3 23. Rd3 Be6 24. g4 Rcd8 25. b3 Qe7 26. d5 Bc8 27. b4 Bh4 28. Bc5 Qd7 29. Rf1 Be7 30. d6 Bf8 31. Rdf3 Bxd6 32. Bxd6 Qxd6 33. Ne2 Be6 34. Nf4 Bc4 35. Re1 Rd7 36. Bf1 Bxf1 37. Rfxf1 Qd4+ 38. Kg2 Rde7 39. Kf3 Nc4 0-1